000 01013naa a2200289 c 4500
001 42313
003 ES-MaCES
005 20111117103100.0
008 111117n2011 xxkd t 000 | eng d
035 _aCES20110012058v
040 _aES-MaCES
_bspa
_cES-MaCES
100 1 _aGruber, Harald
_914168
245 1 0 _aMobile telecommunications and the impact on economic development
_cHarald Gruber and Pantelis Koutroupis
650 4 _acomparabilidad internacional
_930622
650 4 _amodelo econométrico
_929368
650 4 _acrecimiento de la producción
_928245
650 4 _acompetitividad
_928270
650 4 _amonopolio
_928183
650 4 _acambio tecnológico
_928236
650 4 _atelecomunicaciones
_927884
653 1 0 _aEconomía
700 1 _aKoutroumpis, Pantelis
_915933
773 0 _tEconomic policy
_gno. 67 (July 2011){10365 R. 079861}; p. 387-426
_w(ES-MaCES)25375
_953941
902 _aART Artículo de revista
942 _2CES
_cAR
_h0.0.
999 _c42313
_d42313